Dances with wool (Record no. 8857)

MARC details
000 -CABECERA
campo de control de longitud fija 01155nam a2200289 a 4500
001 - NÚMERO DE CONTROL
campo de control BRL_44
005 - FECHA Y HORA DE LA ÚLTIMA TRANSACCIÓN
campo de control 20190320210550.0
008 - DATOS DE LONGITUD FIJA--INFORMACIÓN GENERAL
campo de control de longitud fija 750217s2002----nyua######---#000-0#eng-#
041 ## - CÓDIGO DE LENGUA
Código de lengua del texto/banda sonora o título independiente eng
044 ## - CÓDIGO DEL PAÍS DE LA ENTIDAD EDITORA/PRODUCTORA
Código MARC del país nyu
050 #4 - SIGNATURA TOPOGRÁFICA DE LA BIBLIOTECA DEL CONGRESO
Número de clasificación E99.N3
Número de documento/Ítem .W67 2002
100 1# - ENTRADA PRINCIPAL--NOMBRE DE PERSONA
Nombre de persona Winter, Mark
Fechas asociadas al nombre 1950-
9 (RLIN) 22738
245 10 - MENCIÓN DE TÍTULO
Título Dances with wool
Resto del título celebrating 100 years of woven images from southwestern mythology
Mención de responsabilidad, etc. by Mark Winter ; textile photography by Tony Vinella and Dan Barsotti.
260 ## - PUBLICACIÓN, DISTRIBUCIÓN, ETC.
Lugar de publicación, distribución, etc. Newcomb, N. M.
Nombre del editor, distribuidor, etc. Toadlena Trading Post
Fecha de publicación, distribución, etc. c2002
300 ## - DESCRIPCIÓN FÍSICA
Extensión 72 p.
Otras características físicas il. (algunas a color)
Dimensiones 29 cm.
500 ## - NOTA GENERAL
Nota general An Exhibition Organized By The Historic Toadlena Trading Post For The Fifth Anniversary Celebration June 15, 2002
500 ## - NOTA GENERAL
Nota general Au369
504 ## - NOTA DE BIBLIOGRAFÍA, ETC.
Nota de bibliografía, etc. Bibliografía : p. 72
650 14 - PUNTO DE ACCESO ADICIONAL DE MATERIA--TÉRMINO DE MATERIA
Término de materia o nombre geográfico como elemento de entrada Fábricas textiles indígenas
Subdivisión de forma Catálogos
Subdivisión general Historia
9 (RLIN) 22739
650 14 - PUNTO DE ACCESO ADICIONAL DE MATERIA--TÉRMINO DE MATERIA
Término de materia o nombre geográfico como elemento de entrada Fábricas textiles indígenas
Subdivisión de forma Catálogos
Subdivisión general Temas, motivos
9 (RLIN) 22740
650 14 - PUNTO DE ACCESO ADICIONAL DE MATERIA--TÉRMINO DE MATERIA
Término de materia o nombre geográfico como elemento de entrada Navajo mujeres tejedoras
Subdivisión de forma Catálogos
Subdivisión general Historia
9 (RLIN) 22741
650 14 - PUNTO DE ACCESO ADICIONAL DE MATERIA--TÉRMINO DE MATERIA
Término de materia o nombre geográfico como elemento de entrada Tejedores Navajo
Subdivisión de forma Catálogos
Subdivisión general Genealogía
9 (RLIN) 22742
700 1# - PUNTO DE ACCESO ADICIONAL--NOMBRE DE PERSONA
Nombre de persona Vinella, Tony
9 (RLIN) 22743
700 1# - PUNTO DE ACCESO ADICIONAL--NOMBRE DE PERSONA
Nombre de persona Barsotti, Dan
9 (RLIN) 22744
902 ## - CATALOGADOR
Iniciales GRL
942 ## - ELEMENTOS DE PUNTO DE ACCESO ADICIONAL (KOHA)
Fuente del sistema de clasificación o colocación Library of Congress Classification
Tipo de ítem Koha Libros
Holdings
Estado de retiro Estado de pérdida Estado dañado No para préstamo Localización permanente Ubicación/localización actual Fecha de adquisición Número de inventario Total de préstamos Signatura topográfica completa Código de barras Fecha visto por última vez Precio válido a partir de Tipo de ítem Koha
El ejemplar forma parte de la colección y puede ser consultado según las políticas vigentes.       Biblioteca Centro de Estudios Ruth D. Lechuga Biblioteca Centro de Estudios Ruth D. Lechuga 28/09/2012 Au369   E99.N3 .W67 2002 (Au369) GRL00044 22/03/2019 22/03/2019 Libros